000 01599nam a2200433 i 4500
001 14251
003 KOSZ 005
005 20191015094656.0
008 071022s1967 pl a f 000 0 pol
015 _aPB 1968/384
035 _a(PL-WaBN)b20081522-48omnis_nlop
035 _ab20081522
035 _a(OCoLC)839020726
035 _a(PL)b0000002008152
040 _aWA N
_cWA N
_dKOSZ 005/RW
046 _k1967
080 _a65.01
245 0 0 _aSiatki czynności i ich analiza :
_bPERT, CPA, CPM /
_c[autorzy Olgierd Pawłowski et al. ; redakcja naukowa Juliusz Kruszewski, Zbigniew Sankowski].
260 _aGdynia :
_bWydawnictwo Morskie,
_c1967.
300 _a161, [2] stron, [14] kart tablic :
_bilustracje ;
_c25 cm.
336 _aTekst
_btxt
_2rdacontent
337 _aBez urządzenia pośredniczącego
_bn
_2rdamedia
338 _aWolumin
_bnc
_2rdacarrier
380 _aKsiążki
388 _a1901-2000
504 _aBibliografia na stronach 161-[162].
658 _aGospodarka, ekonomia, finanse
650 7 _aBadania operacyjne
_2DBN
700 1 _aKruszewski, Juliusz
_d(1925-2011)
_eRedakcja
700 1 _aPawłowski, Olgierd.
_eAutor
700 1 _aBrewka, Mieczysław.
_eAutor
700 1 _aMajewski, Włodzimierz.
_eAutor
700 1 _aKowalik, Janusz.
_eAutor
700 1 _aSankowski, Zbigniew.
_eRedakcja
710 2 _aWydawnictwo Morskie
_4pbl.
856 _uhttp://koha.tu.koszalin.pl/cgi-bin/koha/opac-detail.pl?biblionumber=14251
_yKatalog online BPK
942 _2UKD
_cKS
999 _c14251
_d14251